Tiền tệ, ngân hàng và thị trường tài chính

Tổng quan về tiền tệ ngân hàng và thị trường tài chính. Các vấn đề về thị trường tài chính và các định chế tài chính. Ngân hàng trung ương, tài chính quốc tế và chính sách tiền tệ. Lý thuyết tiền tệ...

תיאור מלא

שמור ב:
מידע ביבליוגרפי
מחבר ראשי: Mishkin, Frederic S.
פורמט: ספר
שפה:Undetermined
יצא לאור: Hà Nội Khoa học kỹ thuật 1999
נושאים:
תגים: הוספת תג
אין תגיות, היה/י הראשונ/ה לתייג את הרשומה!
Thư viện lưu trữ: Trung tâm Học liệu Trường Đại học Cần Thơ
LEADER 00945nam a2200205Ia 4500
001 CTU_36826
008 210402s9999 xx 000 0 und d
020 |b 112000 
082 |a 332 
082 |b M678 
100 |a Mishkin, Frederic S. 
245 0 |a Tiền tệ, ngân hàng và thị trường tài chính 
245 0 |c Frederic S. Mishkin ; Nguyễn Quang Cư dịch 
260 |a Hà Nội 
260 |b Khoa học kỹ thuật 
260 |c 1999 
520 |a Tổng quan về tiền tệ ngân hàng và thị trường tài chính. Các vấn đề về thị trường tài chính và các định chế tài chính. Ngân hàng trung ương, tài chính quốc tế và chính sách tiền tệ. Lý thuyết tiền tệ 
650 |a Banks and banking,Finance,Money 
904 |i Minh, 000608 
980 |a Trung tâm Học liệu Trường Đại học Cần Thơ